|
|
|
|
| LEADER |
00000nas a2200000 i 4500 |
| 001 |
ssj0012139 |
| 003 |
WaSeSS |
| 005 |
20200512172242.0 |
| 006 |
m d |
| 007 |
cr n |
| 008 |
780103c19799999cauqr p s 0 a0eng c |
| 010 |
|
|
|a 81641253
|z sn 79000486
|
| 016 |
7 |
|
|a 007184923
|2 Uk
|
| 022 |
|
|
|l 0148-3897
|y 0148-3897
|
| 032 |
|
|
|a 478570
|b USPS
|
| 035 |
|
|
|a (WaSeSS)ssj0012139
|
| 037 |
|
|
|b Ornament, P.O. Box 35029, Los Angeles, CA 90035
|
| 040 |
|
|
|a NSD
|b eng
|c NSD
|d YUS
|d NSD
|d DLC
|d NSD
|d DLC
|d NST
|d AIP
|d NSD
|d NST
|d AIP
|d NST
|d HUL
|d NSD
|d GUA
|d SYS
|d OCLCQ
|d CDS
|d ZP2
|d OCLCQ
|d CDS
|d UKMGB
|d OCLCQ
|d OCLCF
|d UBY
|d OCLCQ
|d XFH
|d AVA
|d JDP
|d OCLCO
|d OCLCQ
|d WaSeSS
|
| 042 |
|
|
|a pcc
|a nsdp
|
| 050 |
0 |
0 |
|a NK7300
|b .B42
|
| 082 |
0 |
4 |
|a 739.27/05
|
| 130 |
0 |
|
|a Ornament (Los Angeles, Calif.)
|
| 210 |
0 |
|
|a Ornament
|
| 222 |
|
0 |
|a Ornament
|
| 245 |
1 |
0 |
|a Ornament
|h [electronic resource].
|
| 260 |
|
|
|a [Los Angeles, California] :
|b [Ornament],
|c [1979]-
|
| 310 |
|
|
|a Quarterly
|
| 362 |
1 |
|
|a Began with: Vol. 4, no. 1 (Apr. 1979).
|
| 500 |
|
|
|a Jewelry & personal adornment.
|
| 506 |
|
|
|a License restrictions may limit access.
|
| 588 |
0 |
|
|a Vol. 4, no. 1 (Apr. 1979); title from cover.
|
| 588 |
1 |
|
|a Vol. 19, no. 2 (winter 1995).
|
| 650 |
|
0 |
|a Jewelry
|v Periodicals.
|
| 650 |
|
7 |
|a Jewelry.
|2 fast
|0 (OCoLC)fst00982535
|
| 655 |
|
0 |
|a Electronic journals.
|
| 780 |
0 |
0 |
|t Bead journal
|x 0094-2448
|w (DLC) 77644221
|w (OCoLC)1102038
|
| 850 |
|
|
|a CCC
|a CLU
|a CU-SB
|a CaOPAL
|a CoU
|a DGW
|a DLC
|a DeU
|a GU
|a IU
|a IaAS
|a InU
|a KPT
|a KU
|a LNT
|a MBU
|a MH-P
|a MdU
|a MiD
|a MiU
|a MnSU
|a MnU
|a MoU
|a MtBC
|a NN
|a NhD
|a OCU
|a TxU
|a UU
|a ViBlbV
|
| 853 |
3 |
3 |
|8 1
|a v.
|b no.
|u 4
|v r
|i (year)
|j (season)
|w q
|
| 853 |
2 |
0 |
|8 2
|a v.
|b no.
|u 4
|v r
|i (year)
|j (season)
|w q
|x 23
|y ps23,24,21,22
|
| 853 |
2 |
0 |
|8 3
|a v.
|b no.
|u 5
|v r
|i (year)
|w 5
|
| 856 |
4 |
0 |
|z Full text available from Research Library: 08/10/2005 to present
|u https://search.proquest.com/publication/406343
|
| 863 |
4 |
0 |
|8 1
|a <10>
|b <3>-
|i <1987>
|x provisional
|
| 863 |
4 |
1 |
|8 2.1
|a <28>
|b <1>
|i <2004>
|j <23>
|
| 863 |
4 |
1 |
|8 3.1
|a 32
|b 1
|i 2008
|